000
00331nam a22001457a 4500
003
OSt
005
20220223110955.0
008
220223b |||||||| |||| 00| 0 eng d
020
_a
9780470169971
040
_c
HU
082
_2
5th
_a
692.8
100
_a
Nise
_9
31289
245
_a
Control Systems Engineering
942
_2
ddc
_c
BOOKS
_n
0
999
_c
31352
_d
31352